000 00758nam a22002177a 4500
005 20170124110004.0
010 _aA-808454
020 _c00.00
035 _aA-808454
037 _bCen Lib/Ret
040 _aDPL
_bEN
082 _a362.83
_bVYA
245 _aVoices of resistance, silences of pain :
_ccompiled by Anju Vyas
_ba resourse guide on violence against women /
260 _aNew Delhi
_bCentre for Women's Development Studies
_c1996
270 _a25, Bhai Vir Singh Marg,
_bNew Delhi
_e110001
300 _axvi,305p.
_b22cm(Hb)
650 _aFeminism -- India -- Bibliography.
_925744
650 _aWomen -- India -- Social conditions -- Bibliography.
_925745
700 _aVyas, Anju
_92274
942 _2ddc
_cEN
_h362.83
_mVYA
999 _c126048
_d126048